[Event "Hamburg-chT Landesliga 1819"]
[Site "Hamburg"]
[Date "2019.04.14"]
[Round "9.3"]
[White "Fries Nielsen, Niels Jorgen"]
[Black "Rudolph, Jens Erik"]
[Result "1-0"]
[WhiteElo "2323"]
[BlackElo "1858"]
[PlyCount "77"]
[EventDate "2018.10.21"]
[EventType "team-tourn"]
[EventRounds "9"]
[EventCountry "GER"]
[SourceTitle "EXT 2020"]
[Source "ChessBase"]
[SourceDate "2019.10.17"]
[SourceVersion "1"]
[SourceVersionDate "2019.10.17"]
[SourceQuality "1"]
[WhiteTeam "Harburg Diagonale"]
[BlackTeam "Barmbek"]
[WhiteTeamCountry "GER"]
[BlackTeamCountry "GER"]

1. Nf3 Nc6 2. d4 d6 3. Bg5 f6 4. Bh4 Bg4 5. d5 Ne5 6. Nxe5 dxe5 7. f3 Bd7 8. e4 e6 9. Bc4 exd5 10. Qxd5 Nh6 11. Bf2 c6 12. Qd2 Qe7 13. Nc3 Be6 14. Qe2 Nf7 15. 0-0-0 g6 16. Kb1 Bxc4 17. Qxc4 Nd6 18. Qd3 b6 19. Qa6 Qb7 20. Qe2 0-0-0 21. f4 Bg7 22. fxe5 fxe5 23. Bh4 Rd7 24. Qg4 Kc7 25. Rd3 h5 26. Qe6 Bf8 27. Bf6 Rh6 28. Bg5 Rhh7 29. Rhd1 Qc8 30. Qxe5 Bg7 31. Qe6 Bxc3 32. Rxd6 Rxd6 33. Qxd6+ Kb7 34. bxc3 Qg4 35. h4 Qxe4 36. Rd4 Qxg2 37. Qxg6 Qf1+ 38. Kb2 Rf7 39. Qd3 1-0

[Event "Hamburg HSK Christmas op 4th"]
[Site "Hamburg"]
[Date "2018.12.29"]
[Round "5"]
[White "Lohmann, Rene Alexander"]
[Black "Rudolph, Jens Erik"]
[Result "0-1"]
[WhiteElo "1390"]
[BlackElo "1860"]
[PlyCount "22"]
[EventDate "2018.12.27"]
[EventType "swiss"]
[EventRounds "7"]
[EventCountry "GER"]
[SourceTitle "CBM 188 Extra"]
[Source "ChessBase"]
[SourceDate "2019.02.28"]
[SourceVersion "1"]
[SourceVersionDate "2019.02.28"]
[SourceQuality "1"]

1. d4 g6 2. Bf4 Bg7 3. Nc3 c5 4. d5 Qa5 5. Bd2 b5 6. Ne4 b4 7. c3 f5 8. cxb4 cxb4 9. Rc1 Na6 10. Ng3 Bxb2 11. Rc2 Qxa2 0-1

[Event "Hamburg HSK Christmas op 4th"]
[Site "Hamburg"]
[Date "2018.12.27"]
[Round "2"]
[White "Rudolph, Jens Erik"]
[Black "Jantzen, Hans Joerg"]
[Result "1/2-1/2"]
[WhiteElo "1860"]
[BlackElo "2130"]
[PlyCount "56"]
[EventDate "2018.12.27"]
[EventType "swiss"]
[EventRounds "7"]
[EventCountry "GER"]
[SourceTitle "CBM 188 Extra"]
[Source "ChessBase"]
[SourceDate "2019.02.28"]
[SourceVersion "1"]
[SourceVersionDate "2019.02.28"]
[SourceQuality "1"]

1. b3 d5 2. e3 c6 3. Bb2 Nf6 4. f4 Bg4 5. Nf3 e6 6. Be2 Nbd7 7. 0-0 Qb6 8. Ne5 Bxe2 9. Qxe2 Bd6 10. c4 Rd8 11. d4 Qa6 12. Nc3 Bb4 13. c5 Bxc3 14. Qxa6 bxa6 15. Bxc3 Nxe5 16. fxe5 Ne4 17. Be1 Rb8 18. b4 0-0 19. a4 Rb7 20. b5 axb5 21. axb5 cxb5 22. Bb4 Rc8 23. Ra6 h5 24. Rfa1 Rcc7 25. Ba5 Rc8 26. Bb4 Rcc7 27. Ba5 Rc8 28. Bb4 Rcc7 1/2-1/2

[Event "Hamburg-ch Seniors 50+"]
[Site "Hamburg"]
[Date "2018.10.27"]
[Round "5"]
[White "Porth, Hartmut"]
[Black "Rudolph, Jens Erik"]
[Result "1-0"]
[WhiteElo "2068"]
[BlackElo "1920"]
[PlyCount "107"]
[EventDate "2018.10.23"]
[EventType "swiss"]
[EventRounds "7"]
[EventCountry "GER"]
[SourceTitle "CBM 190 Extra"]
[Source "ChessBase"]
[SourceDate "2019.07.15"]
[SourceVersion "1"]
[SourceVersionDate "2019.07.15"]
[SourceQuality "1"]

1. e4 b6 2. d4 Bb7 3. Bd3 Nf6 4. Qe2 Nc6 5. c3 e5 6. d5 Ne7 7. Nf3 Ng6 8. g3 c6 9. dxc6 Bxc6 10. h4 h5 11. Bg5 Be7 12. Bxf6 Bxf6 13. Nbd2 Qc7 14. 0-0-0 Nf8 15. Nc4 b5 16. Ne3 b4 17. cxb4 a5 18. b5 Bxe4+ 19. Kb1 Qb7 20. Nc4 Bxf3 21. Nd6+ Ke7 22. Nxb7 Bxe2 23. Bxe2 Ne6 24. Rhe1 Nd4 25. Bc4 Rab8 26. Rxd4 Rxb7 27. Rd5 Rc8 28. Bf1 d6 29. Red1 Rb6 30. Bh3 Rc4 31. Rc1 Rxc1+ 32. Kxc1 Kd8 33. Kc2 Be7 34. Kb3 Rb8 35. Ka4 Kc7 36. Rd2 g6 37. Rc2+ Kb7 38. Bg2+ Kb6 39. Rc6+ Kb7 40. b6 Re8 41. Kb5 e4 42. Bxe4 Bd8 43. Rc7+ Kb8 44. Rb7+ Kc8 45. Bc6 Re2 46. Ka6 Bxb6 47. Rxb6 Rxf2 48. Kxa5 Kc7 49. Bd5 f5 50. a4 f4 51. gxf4 Rxf4 52. Rb7+ Kc8 53. Rb4 Rf5 54. Rd4 1-0

[Event "GER-ch Seniors 50"]
[Site "Hamburg"]
[Date "2018.07.25"]
[Round "5"]
[White "Rudolph, Jens Erik"]
[Black "Rieke, Theo"]
[Result "0-1"]
[WhiteElo "1878"]
[BlackElo "2022"]
[PlyCount "80"]
[EventDate "2018.07.21"]
[EventType "swiss"]
[EventRounds "9"]
[EventCountry "GER"]
[SourceTitle "CBM 186 Extra"]
[Source "ChessBase"]
[SourceDate "2018.08.24"]
[SourceVersion "1"]
[SourceVersionDate "2018.08.24"]
[SourceQuality "1"]

1. b3 d5 2. Bb2 Nf6 3. Nf3 g6 4. d4 Bg7 5. Nc3 0-0 6. Qd2 Ne4 7. Qe3 Nxc3 8. Qxc3 Nd7 9. e3 c5 10. Bd3 b6 11. 0-0 Bb7 12. Qe1 Qc7 13. e4 c4 14. bxc4 dxc4 15. Be2 Bxe4 16. Qb4 Bd5 17. Rfe1 e6 18. a4 Rfc8 19. Bc3 Rab8 20. Qb2 Nf6 21. Ne5 Ne4 22. Bf3 Nxc3 23. Qxc3 Qb7 24. Re3 Bh6 25. Bxd5 Qxd5 26. Rf3 Rb7 27. Ng4 Bg7 28. Rd1 Rd7 29. Qe3 f5 30. Nh6+ Kh8 31. c3 e5 32. Qg5 exd4 33. Rf4 d3 34. h4 Qe6 35. h5 Qf6 36. Qxf6 Bxf6 37. hxg6 hxg6 38. Rf3 Bg5 39. Nxf5 gxf5 40. Rxf5 Rc5 0-1

[Event "Hamburg-ch MB"]
[Site "Hamburg"]
[Date "2018.05.25"]
[Round "7"]
[White "Von Elsner, Mathias"]
[Black "Rudolph, Jens Erik"]
[Result "1-0"]
[WhiteElo "1802"]
[BlackElo "1930"]
[PlyCount "130"]
[EventDate "2018.05.19"]
[EventType "swiss"]
[EventRounds "9"]
[EventCountry "GER"]
[SourceTitle "EXT 2020"]
[Source "ChessBase"]
[SourceDate "2019.10.17"]
[SourceVersion "1"]
[SourceVersionDate "2019.10.17"]
[SourceQuality "1"]

1. c4 g5 2. e3 Bg7 3. h4 d6 4. hxg5 e5 5. Nh3 h6 6. g6 fxg6 7. Bd3 Ne7 8. Nc3 c6 9. b3 a5 10. Qc2 Bf5 11. Bxf5 gxf5 12. Bb2 Na6 13. a3 Qb6 14. Na4 Qa7 15. Nf4 exf4 16. Bxg7 Rh7 17. Bd4 c5 18. Bf6 fxe3 19. fxe3 b6 20. 0-0-0 0-0-0 21. Bxe7 Qxe7 22. Qxf5+ Kc7 23. Nc3 Qg7 24. Rdf1 Kb7 25. Kc2 Rd7 26. Qe4+ Kb8 27. Qe8+ Kc7 28. Qa8 Nb8 29. Nd5+ Kc8 30. Nxb6+ Kc7 31. Nxd7 Qg6+ 32. Kc1 Nxd7 33. Qxa5+ Nb6 34. Qc3 Nd7 35. Qc2 Qg7 36. d4 cxd4 37. exd4 Qg5+ 38. Qd2 Qg3 39. Rf3 Qg6 40. Rhf1 Rg7 41. Qa5+ Kb7 42. Qd5+ Kc7 43. Rf5 Qg3 44. Qa5+ Kc6 45. Qa8+ Kc7 46. Qa7+ Kd8 47. Qa8+ Kc7 48. Qf3 Qh4 49. Qf4 Rg4 50. Qf2 Rg3 51. Rf3 Qg5+ 52. Qd2 Rxf3 53. gxf3 Qf6 54. Qe3 Nc5 55. Re1 Qxd4 56. Qxd4 Nxb3+ 57. Kb2 Nxd4 58. f4 h5 59. Rh1 Ne2 60. Rh4 Ng3 61. Rh3 Ne2 62. f5 Kd7 63. Rxh5 Ng3 64. Rh7+ Ke8 65. f6 Ne4 1-0

[Event "Hamburg CC Easter op 4th"]
[Site "Hamburg"]
[Date "2018.03.30"]
[Round "1"]
[White "Genov, Valentin"]
[Black "Rudolph, Jens Erik"]
[Result "1/2-1/2"]
[WhiteElo "1750"]
[BlackElo "1950"]
[PlyCount "43"]
[EventDate "2018.03.30"]
[EventType "swiss"]
[EventRounds "7"]
[EventCountry "GER"]
[SourceTitle "CBM 183 Extra"]
[Source "ChessBase"]
[SourceDate "2018.04.19"]
[SourceVersion "1"]
[SourceVersionDate "2018.04.19"]
[SourceQuality "1"]

1. d4 e6 2. c4 f5 3. g3 Nf6 4. Bg2 Be7 5. Nc3 0-0 6. Nf3 d6 7. 0-0 a5 8. b3 Ne4 9. Bb2 Bf6 10. Qc2 Nxc3 11. Bxc3 Nc6 12. Rad1 Qe7 13. Rfe1 e5 14. e4 f4 15. dxe5 Nxe5 16. Nxe5 Bxe5 17. Bxe5 dxe5 18. Qc3 fxg3 19. fxg3 Qc5+ 20. Kh1 Be6 21. Rf1 h6 22. Qd2 1/2-1/2

[Event "Hamburg CC Easter op 4th"]
[Site "Hamburg"]
[Date "2018.03.30"]
[Round "2"]
[White "Rudolph, Jens Erik"]
[Black "Goltser, Ilja"]
[Result "1/2-1/2"]
[WhiteElo "1950"]
[BlackElo "1674"]
[PlyCount "56"]
[EventDate "2018.03.30"]
[EventType "swiss"]
[EventRounds "7"]
[EventCountry "GER"]
[SourceTitle "CBM 183 Extra"]
[Source "ChessBase"]
[SourceDate "2018.04.19"]
[SourceVersion "1"]
[SourceVersionDate "2018.04.19"]
[SourceQuality "1"]

1. Nc3 Nc6 2. d4 d5 3. Bf4 a6 4. e4 e6 5. exd5 exd5 6. Qf3 Bb4 7. 0-0-0 Nge7 8. Nge2 Be6 9. g4 Qd7 10. h3 0-0-0 11. Kb1 h5 12. g5 h4 13. Nc1 Nf5 14. Nb3 Na5 15. Nxa5 Bxa5 16. b3 b5 17. a4 c6 18. Kb2 Bb6 19. Be3 Qa7 20. axb5 axb5 21. Ra1 Qd7 22. Qd1 Kb7 23. Qd3 Ra8 24. Bg2 Rxa1 25. Rxa1 Ra8 26. Rxa8 Kxa8 27. Ne2 Qa7 28. c3 Qa5 1/2-1/2

[Event "Hamburg HSK op"]
[Site "Hamburg"]
[Date "2016.12.27"]
[Round "1"]
[White "Krause, Benedict"]
[Black "Rudolph, Jens Erik"]
[Result "1-0"]
[WhiteElo "2410"]
[BlackElo "1920"]
[PlyCount "55"]
[EventDate "2016.12.27"]
[EventType "swiss"]
[EventRounds "7"]
[EventCountry "GER"]
[SourceTitle "CBM 176 Extra"]
[Source "ChessBase"]
[SourceDate "2017.03.02"]
[SourceVersion "1"]
[SourceVersionDate "2017.03.02"]
[SourceQuality "1"]

1. e4 d6 2. d4 Nf6 3. Nc3 Nbd7 4. Nf3 e5 5. Bc4 Be7 6. a4 c6 7. 0-0 h6 8. Re1 Qc7 9. h3 g5 10. dxe5 dxe5 11. Nh2 Nf8 12. Qf3 Rh7 13. Ne2 Ng6 14. Ng3 Nh4 15. Qe2 Bd7 16. Be3 Qc8 17. f3 Rg7 18. Ng4 Nxg4 19. fxg4 Ng6 20. Nf5 Bxf5 21. exf5 Nf8 22. Bd4 f6 23. Bxe5 Nd7 24. Bd6 Qd8 25. Rad1 Qb6+ 26. Kh1 0-0-0 27. Bxe7 Re8 28. Rxd7 1-0

[Event "Harburg-chB 11th"]
[Site "Hamburg"]
[Date "2016.10.01"]
[Round "1"]
[White "Rudolph, Jens Erik"]
[Black "Gremmel, Jonas Simon"]
[Result "1-0"]
[WhiteElo "1946"]
[BlackElo "1814"]
[PlyCount "79"]
[EventDate "2016.10.01"]
[EventType "swiss"]
[EventRounds "5"]
[EventCountry "GER"]
[SourceTitle "EXT 2018"]
[Source "ChessBase"]
[SourceDate "2017.10.13"]
[SourceVersion "1"]
[SourceVersionDate "2017.10.13"]
[SourceQuality "1"]

1. e4 e5 2. Nf3 Nc6 3. Nc3 Nf6 4. g3 Bc5 5. Bg2 d6 6. h3 a6 7. d3 0-0 8. 0-0 Nd4 9. Nh4 g6 10. Kh2 Nh5 11. Bh6 Re8 12. Nf5 Nxf5 13. exf5 Ng7 14. Ne4 f6 15. fxg6 hxg6 16. Nxc5 dxc5 17. Be3 Qe7 18. Bd5+ Kh7 19. Rh1 c6 20. Bg2 Nf5 21. Qd2 Rh8 22. Qc3 Nd4 23. Rae1 Be6 24. f4 exf4 25. Bxf4 Qd7 26. Qxc5 Rad8 27. h4 Rhe8 28. Be4 Qf7 29. Qh5+ Kg7 30. Bh6+ Kh7 31. Be3+ Kg8 32. Bxg6 Nf3+ 33. Kg2 Nxe1+ 34. Rxe1 Bd5+ 35. Kh2 Qd7 36. Bxe8 Rxe8 37. Qg6+ Kh8 38. Qxf6+ Kh7 39. Qh6+ Kg8 40. Qg6+ 1-0